00663nmc a2200229 a 4500003000900000005001700009008004100026040001300067100001800080245008000098250001200178260003100190300001100221490004300232500006200275650001500337650001600352650001400368650001200382651001300394653002600407AR-BaBNM20251128204505.0011101s1979 ||||||||||||||000 | spa|| cAR-BaBNM1 aAlonso, Amado10aCastellano, español, idioma nacionalbhistoria espiritual de tres nombres a5ª ed. aBuenos AiresbLosadac1979 a149 p. 0aBiblioteca Clásica y Contemporánea aContiene índice de temas y de nombres propios en p. 145 4aCASTELLANO 4aLINGUISTICA 4aFILOLOGIA 4aESPANOL 4aEspaña aHISTORIA DE LA LENGUA